| 000 | 00500 a2200157 4500 | ||
|---|---|---|---|
| 008 | 150930b xxu||||| |||| 00| 0 eng d | ||
| 041 | _aEnglish | ||
| 082 | _aCD7615 | ||
| 100 | _aSubedi, Mukti Prasad | ||
| 245 | _aDemocratic classroom practice in mathematics teaching at primary level in Myagdi district | ||
| 260 |
_aPokhara _c2011 |
||
| 502 |
_aDissertation _bDegree in edu.math. _cPNC |
||
| 650 |
_aClassrooms _aChildren _aTeaching methods _aStudents |
||
| 653 | _aMathematics | ||
| 942 |
_2ddc _cVM |
||
| 999 |
_c65496 _d65482 |
||